| 000 | 00714nam a22002537a 4500 | ||
|---|---|---|---|
| 001 | 00912 | ||
| 003 | DO-SdBNP | ||
| 005 | 20180125100122.0 | ||
| 007 | 00912 | ||
| 008 | 160725b 1993 sp||||| |||| 00| 0 spa d | ||
| 020 | _a8448020022 | ||
| 040 |
_aBPMSU _bspa _cBPMSU |
||
| 092 |
_axxxxx _bxxxxx |
||
| 100 | 1 | _aPackard, Edward | |
| 245 | 1 | 3 |
_aLa fortaleza / _cEdward Packard ; ilustraciones Dave Cockrum. |
| 260 |
_aBarcelona, España : _bTimun Mas, _c1993. |
||
| 300 |
_a113 p. : _bil. ; _c18 cm. |
||
| 490 | 1 |
_aHalcones del espacio _v3 |
|
| 700 | 1 | 2 |
_aCockrum, Dave, _eil. |
| 830 | 0 |
_aHalcones del espacio _n3 |
|
| 942 |
_2ddc _cBK |
||
| 945 | _aInventariado, 2018 /LP | ||
| 956 |
_aBTAVÁREZ _b10 _c20162507 _d00912 |
||
| 999 |
_c11024 _d11024 |
||